[Event "Muensterland Verbandsklasse 1920"]
[Site "Germany"]
[Date "2019.09.14"]
[Round "1.5"]
[White "Overesch, Dieter"]
[Black "Pfeiffer, Erich"]
[Result "0-1"]
[WhiteElo "1734"]
[BlackElo "1575"]
[PlyCount "140"]
[EventDate "2019.09.14"]
[EventType "team-tourn"]
[EventRounds "7"]
[EventCountry "GER"]
[SourceTitle "EXT 2023"]
[Source "ChessBase"]
[SourceDate "2022.10.05"]
[SourceVersion "1"]
[SourceVersionDate "2022.10.05"]
[SourceQuality "1"]
[WhiteTeam "Muenster Indische Dame"]
[BlackTeam "Emsdetten Rochade III"]
[WhiteTeamCountry "GER"]
[BlackTeamCountry "GER"]

1. d4 d5 2. Nf3 c6 3. c3 Bf5 4. Bf4 Nf6 5. Nbd2 e6 6. e3 Bd6 7. Bg3 Bxg3 8. hxg3 h6 9. Be2 Nbd7 10. 0-0 Qb6 11. Qb3 Qxb3 12. axb3 0-0 13. b4 a6 14. Nb3 Rfe8 15. Na5 Rab8 16. Rfc1 e5 17. dxe5 Nxe5 18. Nd4 Bh7 19. Rd1 Ne4 20. Rac1 Nd6 21. Kf1 Nf5 22. g4 Nxd4 23. Rxd4 Re7 24. Nb3 Nd7 25. Na5 g5 26. Nb3 Re4 27. Bd3 Rxd4 28. Bxh7+ Kxh7 29. Nxd4 Ne5 30. f3 Re8 31. Nf5 Nc4 32. Kf2 Nxb2 33. Rh1 Re6 34. Nd4 Rf6 35. Nf5 Na4 36. Rc1 Nb2 37. Rh1 Nc4 38. e4 dxe4 39. fxe4 Re6 40. Re1 Ne5 41. Kg3 c5 42. bxc5 Nd3 43. Re2 Nxc5 44. Kf3 b5 45. Nd4 Rd6 46. e5 Rd7 47. Re3 Ne6 48. Nf5 Nf4 49. g3 Nd5 50. Rd3 Nb6 51. Nd4 Nc4 52. Ke4 Re7 53. e6 fxe6 54. Nc6 Rc7 55. Ne5 Nxe5 56. Kxe5 Rc6 57. Kf6 e5+ 58. Kxe5 Kg6 59. Ke4 a5 60. Rd5 Rb6 61. Kd3 a4 62. Kc2 h5 63. gxh5+ Kxh5 64. Rd4 Kg6 65. Kb2 Kf5 66. Ka3 Rc6 67. Kb2 a3+ 68. Ka2 Rxc3 69. g4+ Ke6 70. Rb4 Rc4 0-1

[Event "Steinfurt Bezirksliga 1819"]
[Site "Germany"]
[Date "2019.05.04"]
[Round "10.5"]
[White "Huil, Herbert"]
[Black "Pfeiffer, Erich"]
[Result "1/2-1/2"]
[WhiteElo "1189"]
[BlackElo "1529"]
[PlyCount "33"]
[EventDate "2018.09.01"]
[EventType "team-tourn"]
[EventRounds "10"]
[EventCountry "GER"]
[SourceTitle "EXT 2020"]
[Source "ChessBase"]
[SourceDate "2019.10.17"]
[SourceVersion "1"]
[SourceVersionDate "2019.10.17"]
[SourceQuality "1"]
[WhiteTeam "Ibbenbueren II"]
[BlackTeam "Emsdetten Rochade IV"]
[WhiteTeamCountry "GER"]
[BlackTeamCountry "GER"]

1. e4 c6 2. Nf3 d5 3. exd5 cxd5 4. c3 Nf6 5. d4 Bg4 6. Be2 e6 7. 0-0 Bd6 8. Bg5 Nbd7 9. Nbd2 0-0 10. h3 Bxf3 11. Nxf3 h6 12. Bh4 Qb6 13. Qc2 Rac8 14. Rab1 Bb8 15. Qd3 Ne4 16. Nd2 Qd6 17. f4 1/2-1/2

[Event "Steinfurt Bezirksliga 1819"]
[Site "Germany"]
[Date "2019.01.26"]
[Round "6.5"]
[White "Winter, Reinhold"]
[Black "Pfeiffer, Erich"]
[Result "1/2-1/2"]
[WhiteElo "1661"]
[BlackElo "1529"]
[PlyCount "75"]
[EventDate "2018.09.01"]
[EventType "team-tourn"]
[EventRounds "10"]
[EventCountry "GER"]
[SourceTitle "EXT 2020"]
[Source "ChessBase"]
[SourceDate "2019.10.17"]
[SourceVersion "1"]
[SourceVersionDate "2019.10.17"]
[SourceQuality "1"]
[WhiteTeam "Neuenkirchen"]
[BlackTeam "Emsdetten Rochade IV"]
[WhiteTeamCountry "GER"]
[BlackTeamCountry "GER"]

1. c4 c6 2. Nc3 Nf6 3. g3 g6 4. Bg2 Bg7 5. d4 0-0 6. Nf3 d5 7. cxd5 cxd5 8. 0-0 b6 9. Bg5 Bb7 10. Qd2 Nbd7 11. Bh6 Rc8 12. Bxg7 Kxg7 13. Rac1 e6 14. Nb5 a6 15. Rxc8 Bxc8 16. Nd6 Qc7 17. Nxc8 Rxc8 18. Qd3 b5 19. e3 Ne4 20. Nd2 Nxd2 21. Qxd2 a5 22. b3 b4 23. Rd1 Qc2 24. Bf1 Qxd2 25. Rxd2 Rc3 26. Bd3 g5 27. h3 h5 28. Kg2 f5 29. f4 Kf6 30. fxg5+ Kxg5 31. h4+ Kg6 32. Kf3 Nf6 33. Kf4 Ng4 34. Kf3 Kf6 35. Ke2 e5 36. dxe5+ Nxe5 37. Bb1 Ke6 38. Rc2 1/2-1/2

[Event "Steinfurt Bezirksliga 1516"]
[Site "Germany"]
[Date "2015.11.07"]
[Round "2.3"]
[White "Roewekamp, Andre"]
[Black "Pfeiffer, Erich"]
[Result "1/2-1/2"]
[WhiteElo "1625"]
[BlackElo "1558"]
[PlyCount "122"]
[EventDate "2015.09.19"]
[EventType "team-tourn"]
[EventRounds "9"]
[EventCountry "GER"]
[SourceTitle "EXT 2017"]
[Source "ChessBase"]
[SourceDate "2016.10.25"]
[SourceVersion "1"]
[SourceVersionDate "2016.10.25"]
[SourceQuality "1"]
[WhiteTeam "Reckenfeld"]
[BlackTeam "Emsdetten Rochade IV"]
[WhiteTeamCountry "GER"]
[BlackTeamCountry "GER"]

1. e4 c6 2. d4 d5 3. exd5 cxd5 4. Nf3 Bg4 5. h3 Bh5 6. Bd3 Nc6 7. c3 e6 8. 0-0 Bd6 9. Re1 Nge7 10. Nbd2 0-0 11. Nf1 Rc8 12. Ng3 Bg6 13. Bxg6 Nxg6 14. Bg5 Qc7 15. Nf1 h6 16. Be3 b5 17. a3 a5 18. Rc1 Qb8 19. a4 b4 20. c4 dxc4 21. Rxc4 Nce7 22. Rxc8 Rxc8 23. b3 Bf4 24. N1d2 Bxe3 25. fxe3 Rc3 26. Nc4 Qc7 27. Rf1 Nd5 28. Qd2 Nb6 29. Nxb6 Qxb6 30. Rc1 Rc6 31. Rxc6 Qxc6 32. Kf2 f6 33. Qd3 Kf7 34. g3 Ne7 35. Nd2 Qc3 36. Ke2 Qc7 37. e4 f5 38. Qf3 g6 39. Nc4 Nc6 40. Kd3 Qd7 41. d5 exd5 42. exd5 Kf6 43. Qg2 Ne5+ 44. Nxe5 Kxe5 45. Qb2+ Kd6 46. Qd4 g5 47. Kc4 Qc7+ 48. Kd3 Qc3+ 49. Qxc3 bxc3 50. Kxc3 Kxd5 51. b4 axb4+ 52. Kxb4 f4 53. gxf4 gxf4 54. a5 f3 55. a6 f2 56. a7 f1Q 57. a8Q+ Ke5 58. Qb8+ Kd5 59. Qb7+ Ke5 60. Qe7+ Kd4 61. Qc5+ Ke4 1/2-1/2

[Event "Steinfurt Bezirksliga 1415"]
[Site "Germany"]
[Date "2015.03.14"]
[Round "7.4"]
[White "Melcher, Guenter Herbert"]
[Black "Pfeiffer, Erich"]
[Result "1/2-1/2"]
[WhiteElo "1617"]
[BlackElo "1587"]
[PlyCount "53"]
[EventDate "2014.09.06"]
[EventType "team-tourn"]
[EventRounds "9"]
[EventCountry "GER"]
[SourceTitle "EXT 2016"]
[Source "ChessBase"]
[SourceDate "2015.10.08"]
[SourceVersion "1"]
[SourceVersionDate "2015.10.08"]
[SourceQuality "1"]
[WhiteTeam "Steinfurt II"]
[BlackTeam "Emsdetten Rochade III"]
[WhiteTeamCountry "GER"]
[BlackTeamCountry "GER"]

1. d4 d5 2. c4 c6 3. Nc3 Nf6 4. Nf3 h6 5. e3 Nbd7 6. Bd3 dxc4 7. Bxc4 Nb6 8. Bd3 Bg4 9. 0-0 e6 10. h3 Bxf3 11. Qxf3 Rc8 12. Rd1 Bd6 13. e4 Bb8 14. Be3 0-0 15. Rac1 Qe7 16. e5 Nfd5 17. Qe4 f5 18. exf6 Qxf6 19. Qh7+ Kf7 20. Ne4 Qh4 21. Ng5+ hxg5 22. Qg6+ Kg8 23. Bxg5 Qxf2+ 24. Kh1 Nf4 25. Qh7+ Kf7 26. Bxf4 Bxf4 27. Qg6+ 1/2-1/2

[Event "Steinfurt Bezirksliga 1415"]
[Site "Germany"]
[Date "2015.01.31"]
[Round "6.4"]
[White "Pfeiffer, Erich"]
[Black "Hauk, Viktor"]
[Result "0-1"]
[WhiteElo "1587"]
[BlackElo "1735"]
[PlyCount "46"]
[EventDate "2014.09.06"]
[EventType "team-tourn"]
[EventRounds "9"]
[EventCountry "GER"]
[SourceTitle "EXT 2016"]
[Source "ChessBase"]
[SourceDate "2015.10.08"]
[SourceVersion "1"]
[SourceVersionDate "2015.10.08"]
[SourceQuality "1"]
[WhiteTeam "Emsdetten Rochade III"]
[BlackTeam "Rheine Klein Berlin II"]
[WhiteTeamCountry "GER"]
[BlackTeamCountry "GER"]

1. d4 Nf6 2. Nc3 d5 3. Bg5 Bf5 4. Nf3 Nbd7 5. e3 e6 6. Bd3 Bg6 7. Bxg6 hxg6 8. e4 dxe4 9. Nxe4 Be7 10. Nxf6+ Nxf6 11. Qd3 Qd5 12. Bxf6 gxf6 13. b3 0-0-0 14. 0-0-0 Qa5 15. Kb1 Rd7 16. Qe3 Rhd8 17. Rd3 Rd6 18. Qd2 Qf5 19. Rd1 g5 20. h3 Bf8 21. g4 Qb5 22. c4 Qd7 23. Qe3 Be7 0-1

[Event "Steinfurt Bezirksliga 1415"]
[Site "Germany"]
[Date "2014.09.27"]
[Round "2.2"]
[White "Pfeiffer, Erich"]
[Black "Krueler, Andreas"]
[Result "1/2-1/2"]
[WhiteElo "1587"]
[BlackElo "1479"]
[PlyCount "43"]
[EventDate "2014.09.06"]
[EventType "team-tourn"]
[EventRounds "9"]
[EventCountry "GER"]
[SourceTitle "EXT 2016"]
[Source "ChessBase"]
[SourceDate "2015.10.08"]
[SourceVersion "1"]
[SourceVersionDate "2015.10.08"]
[SourceQuality "1"]
[WhiteTeam "Emsdetten Rochade III"]
[BlackTeam "Steinfurt III"]
[WhiteTeamCountry "GER"]
[BlackTeamCountry "GER"]

1. d4 d5 2. Nc3 h6 3. e4 dxe4 4. Nxe4 b6 5. c3 Bb7 6. Bd3 e6 7. Nf3 Nf6 8. Qe2 Be7 9. Be3 Nbd7 10. 0-0-0 a5 11. h3 Qc8 12. g4 Ba6 13. Bxa6 Qxa6 14. Qxa6 Rxa6 15. Nxf6+ Nxf6 16. Rde1 Nd5 17. h4 b5 18. g5 h5 19. Ne5 g6 20. Rh3 Bd6 21. Nd3 0-0 22. Rf3 1/2-1/2

[Event "Steinfurt Bezirksliga 1314"]
[Site "Germany"]
[Date "2013.09.14"]
[Round "1.7"]
[White "Muhmann, Reinhard"]
[Black "Pfeiffer, Erich"]
[Result "1/2-1/2"]
[WhiteElo "1405"]
[BlackElo "1609"]
[PlyCount "40"]
[EventDate "2013.09.14"]
[EventType "team-tourn"]
[EventRounds "9"]
[EventCountry "GER"]
[SourceTitle "EXT 2015"]
[Source "ChessBase"]
[SourceDate "2014.11.20"]
[SourceVersion "1"]
[SourceVersionDate "2014.11.20"]
[SourceQuality "1"]
[WhiteTeam "Emsdetten Rochade III"]
[BlackTeam "Emsdetten Rochade II"]
[WhiteTeamCountry "GER"]
[BlackTeamCountry "GER"]

1. d4 d5 2. Nf3 c6 3. Bf4 Nf6 4. h3 Bf5 5. e3 e6 6. Be2 Bd6 7. Bxd6 Qxd6 8. 0-0 Nbd7 9. Nbd2 h6 10. c4 dxc4 11. Nxc4 Qe7 12. a3 0-0 13. b4 Ne4 14. Qb3 Nd6 15. Rac1 Nxc4 16. Bxc4 Rac8 17. Rfd1 Be4 18. Be2 Bd5 19. Qb2 Bxf3 20. Bxf3 a6 1/2-1/2

[Event "Muensterland Verbandsklasse-A 1011"]
[Site "Germany"]
[Date "2011.03.12"]
[Round "8.8"]
[White "Pfeiffer, Erich"]
[Black "Focke, Robert"]
[Result "1-0"]
[WhiteElo "1639"]
[BlackElo "1571"]
[PlyCount "109"]
[EventDate "2010.09.18"]
[EventType "team-tourn"]
[EventRounds "9"]
[EventCountry "GER"]
[SourceTitle "EXT 2012"]
[Source "ChessBase"]
[SourceDate "2011.11.24"]
[SourceVersion "1"]
[SourceVersionDate "2011.11.24"]
[SourceQuality "1"]
[WhiteTeam "Emsdetten Rochade"]
[BlackTeam "Metelen"]
[WhiteTeamCountry "GER"]
[BlackTeamCountry "GER"]

1. d4 d5 2. Nc3 f5 3. Nf3 Nf6 4. e3 e6 5. Bd2 a6 6. a3 c5 7. dxc5 Bxc5 8. Na2 Nc6 9. Be2 0-0 10. 0-0 b5 11. Bc3 Qb6 12. Bxf6 Rxf6 13. c3 Bb7 14. Nb4 Raf8 15. Nxc6 Qxc6 16. Qc2 Rh6 17. Nd4 Qc7 18. g3 g5 19. Qd1 e5 20. Nf3 g4 21. Nh4 Qg7 22. a4 bxa4 23. Rxa4 e4 24. Qa1 Be7 25. Ng2 Rff6 26. Qa2 Qf7 27. Nf4 Rd6 28. Rd1 Bg5 29. Kg2 Bxf4 30. exf4 Qh5 31. Rh1 Kg7 32. Qb3 Rb6 33. Rb4 Qg6 34. Rxb6 Qxb6 35. Qa3 Rd6 36. h3 d4 37. hxg4 e3+ 38. f3 fxg4 39. Rh4 gxf3+ 40. Bxf3 Bxf3+ 41. Kxf3 Qc6+ 42. Ke2 Qg2+ 43. Kd3 Qd5 44. Rg4+ Kf7 45. Rg5 Qe6 46. Re5 Qd7 47. Qb3+ Kf6 48. c4 Re6 49. Qb8 Re7 50. Qh8+ Rg7 51. Qf8+ Kg6 52. Rg5+ Kh6 53. Qc5 Rg6 54. Qe5 Qd6 55. Rh5# 1-0

[Event "Muensterland Verbandsklasse-A 0910"]
[Site "Germany"]
[Date "2010.03.20"]
[Round "8.7"]
[White "Pfeiffer, Erich"]
[Black "Sprenger, Franz"]
[Result "1-0"]
[WhiteElo "1608"]
[BlackElo "1748"]
[PlyCount "79"]
[EventDate "2009.09.19"]
[EventType "team-tourn"]
[EventRounds "9"]
[EventCountry "GER"]
[SourceTitle "EXT 2011"]
[Source "ChessBase"]
[SourceDate "2010.11.26"]
[SourceVersion "1"]
[SourceVersionDate "2010.11.26"]
[SourceQuality "1"]
[WhiteTeam "Emsdetten Rochade II"]
[BlackTeam "Gronau"]
[WhiteTeamCountry "GER"]
[BlackTeamCountry "GER"]

1. d4 d5 2. Nc3 e6 3. e4 dxe4 4. Nxe4 Nf6 5. Bg5 Be7 6. Bxf6 Bxf6 7. c3 Nd7 8. Bd3 Be7 9. Qc2 f5 10. Nd2 Nf6 11. Ngf3 Nd5 12. g3 Bd7 13. 0-0-0 c5 14. Rhe1 Rc8 15. Bc4 0-0 16. Qb3 Kh8 17. Bxd5 exd5 18. Qxd5 cxd4 19. Nxd4 Bf6 20. N2f3 Qc7 21. Ne5 Ba4 22. Ne6 Qb6 23. Nxf8 Bxe5 24. Nd7 Qxf2 25. Qd2 Bxc3 26. bxc3 Qf3 27. Re3 Qc6 28. Rd3 Bxd1 29. Kxd1 Qa4+ 30. Qc2 Qc6 31. Kc1 Rd8 32. Ne5 Qh6+ 33. Rd2 Rf8 34. Kb1 Qb6+ 35. Qb3 Qc7 36. Re2 g6 37. Qb4 Kg7 38. Qd4 Rd8 39. Nd7+ Kg8 40. Re7 1-0

[Event "Muensterland Verbandsklasse-A 0910"]
[Site "Germany"]
[Date "2010.01.30"]
[Round "6.7"]
[White "Pfeiffer, Erich"]
[Black "Boenigk, Winfried"]
[Result "0-1"]
[WhiteElo "1608"]
[BlackElo "1774"]
[PlyCount "120"]
[EventDate "2009.09.19"]
[EventType "team-tourn"]
[EventRounds "9"]
[EventCountry "GER"]
[SourceTitle "EXT 2011"]
[Source "ChessBase"]
[SourceDate "2010.11.26"]
[SourceVersion "1"]
[SourceVersionDate "2010.11.26"]
[SourceQuality "1"]
[WhiteTeam "Emsdetten Rochade II"]
[BlackTeam "Olfen"]
[WhiteTeamCountry "GER"]
[BlackTeamCountry "GER"]

1. d4 Nf6 2. Nc3 g6 3. Nf3 Bg7 4. e4 d6 5. h3 0-0 6. Bc4 c6 7. 0-0 b5 8. Bd3 a5 9. Be3 Nfd7 10. a3 Bb7 11. Qd2 Na6 12. Bh6 b4 13. Ne2 c5 14. Bxg7 Kxg7 15. d5 Rc8 16. c4 bxc3 17. Qxc3+ Kg8 18. Rfc1 Rb8 19. Qd2 Kg7 20. Qg5 h6 21. Qg3 Nc7 22. Rab1 Ba6 23. Bxa6 Nxa6 24. Rc3 Rg8 25. Nf4 Nf6 26. Re3 Nc7 27. h4 Kh7 28. b3 Qd7 29. Rd1 Nh5 30. Nxh5 gxh5 31. Qf4 f6 32. Nd2 Rg4 33. Qh2 Rbg8 34. g3 Nb5 35. a4 Nd4 36. Kf1 Qc8 37. Qh1 Qa6+ 38. Nc4 Nxb3 39. Rxb3 Qxc4+ 40. Rbd3 Rb8 41. Qf3 Qxe4 42. Re1 Qxf3 43. Rxe7+ Rg7 44. Rxg7+ Kxg7 45. Rxf3 Rb4 46. Rf4 Rxf4 47. gxf4 Kg6 48. Ke2 Kf5 49. Kd3 Kxf4 50. Kc4 Ke5 51. Kb5 Kxd5 52. Kxa5 Kc6 53. f4 d5 54. Ka6 d4 55. a5 d3 56. Ka7 Kc7 57. a6 d2 58. Ka8 d1Q 59. Ka7 Qd8 60. f5 Qb8# 0-1

[Event "Muensterland Verbandsklasse-A 0910"]
[Site "Germany"]
[Date "2009.09.19"]
[Round "1.6"]
[White "Gerighausen, Karl Heinz"]
[Black "Pfeiffer, Erich"]
[Result "1/2-1/2"]
[WhiteElo "1718"]
[BlackElo "1608"]
[PlyCount "23"]
[EventDate "2009.09.19"]
[EventType "team-tourn"]
[EventRounds "9"]
[EventCountry "GER"]
[SourceTitle "EXT 2011"]
[Source "ChessBase"]
[SourceDate "2010.11.26"]
[SourceVersion "1"]
[SourceVersionDate "2010.11.26"]
[SourceQuality "1"]
[WhiteTeam "Ibbenbueren"]
[BlackTeam "Emsdetten Rochade II"]
[WhiteTeamCountry "GER"]
[BlackTeamCountry "GER"]

1. e4 c6 2. d4 d5 3. exd5 cxd5 4. Bd3 Nf6 5. h3 Nc6 6. c3 b6 7. Bf4 e6 8. Bb5 Bd7 9. Qa4 Na5 10. Nd2 Bxb5 11. Qxb5+ Qd7 12. Qxd7+ 1/2-1/2

[Event "Muensterland Verbandsklasse-B 0809"]
[Site "Germany"]
[Date "2009.05.02"]
[Round "9.7"]
[White "Adam, Reimund"]
[Black "Pfeiffer, Erich"]
[Result "1-0"]
[WhiteElo "1614"]
[BlackElo "1616"]
[PlyCount "73"]
[EventDate "2008.09.13"]
[EventType "team-tourn"]
[EventRounds "9"]
[EventCountry "GER"]
[SourceTitle "EXT 2010"]
[Source "ChessBase"]
[SourceDate "2010.11.25"]
[SourceVersion "1"]
[SourceVersionDate "2010.11.25"]
[SourceQuality "1"]
[WhiteTeam "Borken"]
[BlackTeam "Emsdetten Rochade II"]
[WhiteTeamCountry "GER"]
[BlackTeamCountry "GER"]

1. d4 d5 2. c4 c6 3. Nf3 Nf6 4. e3 e6 5. Nc3 Nbd7 6. Bd3 dxc4 7. Bxc4 b6 8. 0-0 Bb7 9. Qe2 Rc8 10. a3 Bd6 11. e4 Bb8 12. Bg5 Qc7 13. Bh4 Nh5 14. Bg3 Nxg3 15. fxg3 0-0 16. Ng5 Qd6 17. Rad1 h6 18. e5 Qe7 19. Nge4 b5 20. Bd3 a6 21. Kh1 Nb6 22. Qh5 Rcd8 23. Rf6 Rxd4 24. Rxh6 gxh6 25. Nf6+ Kg7 26. Nce4 Rfd8 27. Qg4+ Kh8 28. Qf4 Qf8 29. Qe3 Bxe5 30. Ng4 Bg7 31. Nef6 Bxf6 32. Nxf6 Qg7 33. Nh5 Qg5 34. Nf4 e5 35. h4 Qe7 36. Nd5 R8xd5 37. Qxh6+ 1-0

[Event "Muensterland Verbandsklasse-B 0809"]
[Site "Germany"]
[Date "2009.03.28"]
[Round "8.6"]
[White "Galluschke, Thorsten"]
[Black "Pfeiffer, Erich"]
[Result "0-1"]
[WhiteElo "1633"]
[BlackElo "1616"]
[PlyCount "102"]
[EventDate "2008.09.13"]
[EventType "team-tourn"]
[EventRounds "9"]
[EventCountry "GER"]
[SourceTitle "EXT 2010"]
[Source "ChessBase"]
[SourceDate "2010.11.25"]
[SourceVersion "1"]
[SourceVersionDate "2010.11.25"]
[SourceQuality "1"]
[WhiteTeam "Westerkappeln"]
[BlackTeam "Emsdetten Rochade II"]
[WhiteTeamCountry "GER"]
[BlackTeamCountry "GER"]

1. d4 d5 2. Nf3 Nf6 3. c4 c6 4. e3 Nbd7 5. Nc3 dxc4 6. Bxc4 Nb6 7. Bd3 Bg4 8. 0-0 e6 9. a3 Bd6 10. b4 0-0 11. Ne4 Nxe4 12. Bxe4 Nd5 13. Bd2 Nf6 14. Bc2 Rc8 15. Rb1 Bb8 16. Qe2 Qd6 17. g3 Rfd8 18. Bc3 b6 19. Bd1 Qd5 20. Re1 Ne4 21. Bb2 Ng5 22. e4 Nxf3+ 23. Qxf3 Bxf3 24. exd5 Bxd5 25. f4 b5 26. Kf2 a6 27. Be2 Ba7 28. Rbc1 Rc7 29. a4 Rcd7 30. axb5 cxb5 31. Red1 Bb3 32. Rd3 Bc4 33. Rd2 Bxe2 34. Kxe2 f6 35. Rc6 Rd6 36. Rxd6 Rxd6 37. Kd3 Rc6 38. Rc2 Rxc2 39. Kxc2 Kf7 40. Kd3 Ke7 41. Bc3 Kd6 42. g4 Kd5 43. h3 g6 44. g5 f5 45. Bb2 Bb8 46. Bc1 Bc7 47. Be3 a5 48. bxa5 Bxa5 49. Bc1 Bb6 50. Bb2 b4 51. Ba1 Bc7 0-1

[Event "Steinfurt Bezirksliga 0708"]
[Site "Germany"]
[Date "2007.10.27"]
[Round "2.6"]
[White "Limberg, Rudolf"]
[Black "Pfeiffer, Erich"]
[Result "0-1"]
[WhiteElo "1487"]
[BlackElo "1655"]
[PlyCount "52"]
[EventDate "2007.09.22"]
[EventType "team-tourn"]
[EventRounds "9"]
[EventCountry "GER"]
[SourceTitle "EXT 2009"]
[Source "ChessBase"]
[SourceDate "2008.11.26"]
[SourceVersion "1"]
[SourceVersionDate "2008.11.26"]
[SourceQuality "1"]
[WhiteTeam "Rheine SG"]
[BlackTeam "Emsdetten Rochade II"]
[WhiteTeamCountry "GER"]
[BlackTeamCountry "GER"]

1. Nf3 d5 2. d4 c6 3. c4 Nf6 4. Nc3 e6 5. a3 Bd6 6. Bg5 h6 7. Bh4 Nbd7 8. e4 dxe4 9. Nxe4 Be7 10. Nxf6+ Nxf6 11. Ne5 0-0 12. Bd3 Nd7 13. Bxe7 Qxe7 14. 0-0 Nxe5 15. dxe5 c5 16. Qe2 Rd8 17. Qe4 g6 18. f4 Rd4 19. Qe3 b6 20. Rf3 Bb7 21. Rg3 Kg7 22. b3 Rad8 23. Bc2 Rd2 24. Rc1 Qd7 25. Qe1 Qd4+ 26. Qe3 Qb2 0-1

[Event "Steinfurt Bezirksliga 0607"]
[Site "Germany"]
[Date "2007.02.03"]
[Round "6.5"]
[White "Loekener, Thomas"]
[Black "Pfeiffer, Erich"]
[Result "1-0"]
[WhiteElo "1718"]
[BlackElo "1718"]
[PlyCount "109"]
[EventDate "2006.09.09"]
[EventType "team-tourn"]
[EventRounds "9"]
[EventCountry "GER"]
[SourceTitle "EXT 2008"]
[Source "ChessBase"]
[SourceDate "2007.11.25"]
[SourceVersion "1"]
[SourceVersionDate "2007.11.25"]
[SourceQuality "1"]
[WhiteTeam "Saerbeck II"]
[BlackTeam "Emsdetten Rochade III"]
[WhiteTeamCountry "GER"]
[BlackTeamCountry "GER"]

1. e4 c6 2. d4 d5 3. Nc3 dxe4 4. Nxe4 Bf5 5. Ng3 Bg6 6. Nf3 e6 7. h4 h6 8. h5 Bh7 9. Bd3 Nf6 10. Bxh7 Nxh7 11. Bf4 Bd6 12. Qd2 Qc7 13. Bxd6 Qxd6 14. 0-0-0 Nd7 15. Ne4 Qd5 16. Nc3 Qf5 17. Qd3 Qg4 18. Ne5 Qf4+ 19. Kb1 Nxe5 20. dxe5 0-0 21. Qe2 Rfd8 22. g3 Qb4 23. f4 Nf8 24. Rd3 Rd4 25. Rxd4 Qxd4 26. Rd1 Qb6 27. Qd2 a5 28. Ne4 a4 29. a3 Qc7 30. Qd6 Qxd6 31. Rxd6 Rc8 32. Kc1 b6 33. Kd2 Rc7 34. Kc3 Nd7 35. Kb4 b5 36. Nc5 Nb6 37. b3 axb3 38. cxb3 Kf8 39. Na6 Rc8 40. Kc5 Nd5 41. Rxc6 Rxc6+ 42. Kxc6 b4 43. axb4 Ke8 44. Nc7+ Nxc7 45. Kxc7 f6 46. b5 Kf7 47. b6 g5 48. b7 f5 49. b8Q g4 50. Kd7 Kg7 51. Kxe6 Kh7 52. Kxf5 Kg7 53. e6 Kh7 54. e7 Kg7 55. e8Q 1-0

[Event "Steinfurt Bezirksliga 0405"]
[Site "Germany"]
[Date "2005.05.21"]
[Round "9.5"]
[White "Pfeiffer, Erich"]
[Black "Tietz, Hans Joachim"]
[Result "1-0"]
[WhiteElo "1726"]
[BlackElo "1541"]
[PlyCount "59"]
[EventDate "2004.09.25"]
[EventType "team-tourn"]
[EventRounds "11"]
[EventCountry "GER"]
[SourceTitle "EXT 2006"]
[Source "ChessBase"]
[SourceDate "2005.11.24"]
[SourceVersion "1"]
[SourceVersionDate "2005.11.24"]
[SourceQuality "1"]
[WhiteTeam "Emsdetten Rochade II"]
[BlackTeam "Saerbeck III"]
[WhiteTeamCountry "GER"]
[BlackTeamCountry "GER"]

1. Nc3 Nf6 2. d4 d5 3. Bg5 e6 4. e4 Be7 5. Bxf6 Bxf6 6. Nf3 dxe4 7. Nxe4 0-0 8. c3 Be7 9. Bd3 h6 10. Qc2 Nd7 11. 0-0-0 Nf6 12. Nxf6+ Bxf6 13. g4 Bg5+ 14. Kb1 Qf6 15. Qe2 Bf4 16. h4 g6 17. g5 Qg7 18. gxh6 Qxh6 19. Rdg1 Kh8 20. Ne5 Bxe5 21. Qxe5+ f6 22. Qxc7 f5 23. Rg5 Rf6 24. Qd8+ Kg7 25. Rhg1 Rf7 26. h5 Qxh5 27. Rxh5 Rf8 28. Qe7+ Rf7 29. Rh7+ Kxh7 30. Qxf7+ 1-0